[Event "11th Arad Open 2018"]
[Site "Arad"]
[Date "2018.08.07"]
[Round "4"]
[White "Georgiev, Kiril"]
[Black "Terbe, Julianna"]
[Result "1-0"]
[WhiteElo "2593"]
[BlackElo "2234"]
[Annotator "ChessBase"]
[PlyCount "57"]
[EventDate "2018.08.05"]
[EventType "swiss"]
[EventCountry "ROU"]
[SourceTitle "playchess.com"]
[Source "ChessBase"]
[SourceQuality "1"]
[TimeControl "40/5400+30:1800+30"]

1. c4 {[%emt 0:00:00]} c6 {[%emt 0:00:00]} 2. Nf3 {[%emt 0:00:00]} d5 {[%emt 0:00:00]} 3. e3 {[%emt 0:00:11]} Nf6 {[%emt 0:00:08]} 4. Nc3 {[%emt 0:00:17]} Bg4 {[%emt 0:00:05]} 5. Qb3 {[%emt 0:03:36]} Qb6 {[%emt 0:04:21]} 6. Ne5 {[%emt 0:00:43]} Be6 {[%emt 0:00:34]} 7. d4 {[%emt 0:00:09]} Nbd7 {[%emt 0:01:38]} 8. Nxd7 {[%emt 0:05:43]} Nxd7 {[%emt 0:00:12]} 9. cxd5 {[%emt 0:02:00]} Qxb3 {[%emt 0:06:35]} 10. axb3 {[%emt 0:00:11]} Bxd5 {[%emt 0:00:06]} 11. b4 {[%emt 0:04:41]} e5 {[%emt 0:02:31]} 12. Nxd5 {[%emt 0:03:06]} cxd5 {[%emt 0:00:08]} 13. Bd2 {[%emt 0:00:03]} exd4 {[%emt 0:06:00]} 14. exd4 {[%emt 0:01:07]} Be7 {[%emt 0:00:07]} 15. Bb5 {[%emt 0:08:54]} Kd8 {[%emt 0:03:29]} 16. O-O {[%emt 0:01:19]} Bf6 {[%emt 0:08:14]} 17. Ra5 {[%emt 0:04:11]} Nb6 {[%emt 0:07:20]} 18. Bc3 {[%emt 0:01:43]} Ke7 {[%emt 0:11:11]} 19. Rfa1 {[%emt 0:02:03]} a6 {[%emt 0:00:18]} 20. Be2 {[%emt 0:00:57]} Rhd8 {[%emt 0:02:22]} 21. Bf3 {[%emt 0:02:46]} Ke6 {[%emt 0:11:56]} 22. b5 {[%emt 0:12:57]} Nc4 {[%emt 0:08:22]} 23. R5a2 {[%emt 0:04:07]} a5 {[%emt 0:00:06]} 24. b3 {[%emt 0:00:59]} Nd6 {[%emt 0:00:08]} 25. Bxa5 {[%emt 0:04:36]} Re8 {[%emt 0:08:19]} 26. Bg4+ {[%emt 0:06:17]} Ke7 {[%emt 0:00:05]} 27. Bb4 {[%emt 0:00:45]} Rxa2 {[%emt 0:01:09]} 28. Rxa2 {[%emt 0:00:09]} h5 {[%emt 0:00:04]} 29. Re2+ {[%emt 0:00:51]} 1-0

[Event "11th Arad Open 2018"]
[Site "Arad"]
[Date "2018.08.07"]
[Round "4"]
[White "Tarlev, Konstantin"]
[Black "Posedaru, Bogdan"]
[Result "1-0"]
[WhiteElo "2561"]
[BlackElo "2326"]
[Annotator "ChessBase"]
[PlyCount "105"]
[EventDate "2018.08.05"]
[EventType "swiss"]
[EventCountry "ROU"]
[SourceTitle "playchess.com"]
[Source "ChessBase"]
[SourceQuality "1"]
[TimeControl "40/5400+30:1800+30"]

1. d4 {[%emt 0:00:00]} d5 {[%emt 0:00:00]} 2. c4 {[%emt 0:00:00]} e6 {[%emt 0:00:00]} 3. Nf3 {[%emt 0:00:00]} c6 {[%emt 0:00:00]} 4. Qc2 {[%emt 0:00:00]} dxc4 {[%emt 0:00:00]} 5. Qxc4 {[%emt 0:00:00]} Nf6 {[%emt 0:00:03]} 6. g3 {[%emt 0:00:01]} b5 {[%emt 0:00:04]} 7. Qc2 {[%emt 0:00:03]} Bb7 {[%emt 0:00:05]} 8. Bg2 {[%emt 0:00:06]} Nbd7 {[%emt 0:00:11]} 9. Ne5 {[%emt 0:00:12]} Qb6 {[%emt 0:14:16]} 10. Nxd7 {[%emt 0:04:30]} Nxd7 {[%emt 0:00:08]} 11. Nc3 {[%emt 0:00:04]} Be7 {[%emt 0:08:26]} 12. O-O {[%emt 0:07:11]} O-O {[%emt 0:10:38]} 13. Ne4 {[%emt 0:28:39]} Rac8 {[%emt 0:30:02]} 14. Be3 {[%emt 0:03:42]} c5 {[%emt 0:00:14]} 15. dxc5 {[%emt 0:00:13]} Bxe4 {[%emt 0:01:46]} 16. cxb6 {[%emt 0:11:57]} Bxc2 {[%emt 0:00:59]} 17. bxa7 {[%emt 0:03:43]} f5 {[%emt 0:00:59]} 18. Bb7 {[%emt 0:23:56]} Rcd8 {[%emt 0:07:43]} 19. f3 {[%emt 0:04:18]} b4 {[%emt 0:01:27]} 20. Rac1 {[%emt 0:06:16]} b3 {[%emt 0:01:22]} 21. axb3 {[%emt 0:00:11]} Bxb3 {[%emt 0:00:05]} 22. Rc7 {[%emt 0:01:15]} Bd6 {[%emt 0:06:12]} 23. a8=Q {[%emt 0:01:12]} Rxa8 {[%emt 0:00:03]} 24. Rxd7 {[%emt 0:00:03]} Rad8 {[%emt 0:00:04]} 25. Rxd8 {[%emt 0:02:21]} Rxd8 {[%emt 0:00:04]} 26. Ra1 {[%emt 0:01:07]} Be5 {[%emt 0:02:21]} 27. Ra3 {[%emt 0:00:42]} Bc4 {[%emt 0:00:27]} 28. b4 {[%emt 0:00:17]} Bxe2 {[%emt 0:04:15]} 29. Kf2 {[%emt 0:00:03]} Bc4 {[%emt 0:00:03]} 30. f4 {[%emt 0:01:53]} Bb2 {[%emt 0:01:07]} 31. Ra8 {[%emt 0:00:20]} Rxa8 {[%emt 0:00:04]} 32. Bxa8 {[%emt 0:00:02]} Bb5 {[%emt 0:01:56]} 33. Bf3 {[%emt 0:00:54]} Bc3 {[%emt 0:01:33]} 34. Bc5 {[%emt 0:00:03]} e5 {[%emt 0:00:34]} 35. Be2 {[%emt 0:01:18]} Bc6 {[%emt 0:04:45]} 36. Bc4+ {[%emt 0:00:09]} Kh8 {[%emt 0:00:03]} 37. b5 {[%emt 0:00:19]} Bb7 {[%emt 0:01:06]} 38. Ke3 {[%emt 0:00:43]} h6 {[%emt 0:01:28]} 39. Be6 {[%emt 0:00:52]} g6 {[%emt 0:00:17]} 40. fxe5 {[%emt 0:00:00]} Bxe5 {[%emt 0:00:00]} 41. Bd4 {[%emt 0:15:36]} Bg7 {[%emt 0:18:54]} 42. Bd7 {[%emt 0:08:55]} Kg8 {[%emt 0:00:51]} 43. Bc6 {[%emt 0:00:22]} Bc8 {[%emt 0:00:06]} 44. Bd5+ {[%emt 0:02:43]} Kf8 {[%emt 0:00:52]} 45. b6 {[%emt 0:01:03]} g5 {[%emt 0:02:52]} 46. Bxg7+ {[%emt 0:01:17]} Kxg7 {[%emt 0:00:06]} 47. Be6 {[%emt 0:00:59]} f4+ {[%emt 0:00:15]} 48. gxf4 {[%emt 0:00:02]} gxf4+ {[%emt 0:00:04]} 49. Kxf4 {[%emt 0:00:02]} Ba6 {[%emt 0:00:30]} 50. Ke5 {[%emt 0:00:04]} Kg6 {[%emt 0:00:51]} 51. Kd6 {[%emt 0:00:05]} Kf6 {[%emt 0:00:13]} 52. Bh3 {[%emt 0:00:03]} Bb7 {[%emt 0:01:11]} 53. Kc7 {[%emt 0:00:04]} 1-0

[Event "11th Arad Open 2018"]
[Site "Arad"]
[Date "2018.08.07"]
[Round "4"]
[White "Aczel, Gergely"]
[Black "David, Alexandru-Vasile"]
[Result "1-0"]
[WhiteElo "2551"]
[BlackElo "2421"]
[Annotator "TA"]
[PlyCount "117"]
[EventDate "2018.08.05"]
[EventType "swiss"]
[EventCountry "ROU"]
[SourceTitle "playchess.com"]
[Source "ChessBase"]
[SourceQuality "1"]

{[%evp 25,117,0,19,11,15,4,0,0,0,0,-2,0,0,0,9,9,9,11,11,8,8,8,6,20,13,7,16,0,0,0,0,0,0,0,0,0,0,0,0,0,39,33,24,0,0,0,0,0,0,0,0,0,0,0,0,0,0,0,47,49,79,59,72,28,45,25,61,-16,-13,-33,81,0,203,196,183,170,345,616,634,615,1176,1171,1114,922,835,835,29973,29976,29980,2572,793,0,29980,29981]} 1. d4 {Let's Check} Nf6 2. c4 e6 3. Nc3 d5 4. cxd5 exd5 5. Bg5 c6 6. e3 Be7 7. Bd3 Nbd7 8. h3 O-O 9. Qc2 Re8 10. Nf3 Ne4 11. Bf4 Ndf6 12. O-O Bd6 {D36: Queen's Gambit Declined: Exchange Variation: Main line (5 Bg5 c6 6 Qc2)} 13. Ne5 (13. Bxd6 Nxd6 14. b4 Nfe4 15. Ne5 Nxc3 16. Qxc3 Bf5 17. Bxf5 Nxf5 18. b5 cxb5 19. Qb3 f6 20. Nd3 {0-1 (38) Eljanov,P (2707)-Kryvoruchko,Y (2659) Kiev 2013}) 13... g6 {[#] LiveBook: 3 Games} 14. Rab1 $146 ({Predecessor:} 14. Ne2 Nh5 15. Bh2 f6 16. f3 fxe5 17. fxe4 exd4 18. e5 Bxe5 19. Bxe5 Rxe5 20. Bxg6 {1-0 (64) Ramirez,A (2593)-Kaidanov,G (2594) Saint Louis 2012 CBM 149 [Let's Check]}) 14... Qe7 {The position is equal.} 15. Ne2 Nh5 16. Bh2 f6 17. Nf3 Ng7 18. Bxe4 Bxh2+ 19. Kxh2 Qd6+ 20. Kg1 Rxe4 21. b4 {[%cal Bb2b4,Bb4b5][%mdl 32]} Bf5 {aiming for ...Rxe3!} 22. Ng3 Re7 23. Nxf5 Nxf5 24. b5 Rc8 25. a4 Qe6 26. Qa2 Nd6 27. Rfc1 Rec7 28. bxc6 Rxc6 29. Rxc6 Rxc6 30. a5 Ne4 31. Qb2 Nc3 32. Ra1 Qc8 33. Ne1 Ne4 34. Qb3 Rc4 35. Qb5 Nc3 36. Qb2 Qc6 37. Nd3 Ne4 $1 38. Rb1 Nc3 39. Ra1 Ne4 $1 40. Rb1 Nc3 41. Rf1 b6 42. axb6 axb6 43. Nf4 b5 44. Nd3 Na4 45. Qb1 Rc3 46. h4 (46. Nf4 $14) 46... Qc4 $11 47. Nf4 {Nxg6! is the strong threat.} Kg7 {[#]} (47... Ra3 $15 {keeps the upper hand.} 48. Qe1 (48. Nxg6 Nc3 $15) 48... Nc3) 48. h5 ({White should try} 48. Qd1 $1 $16) 48... f5 $2 (48... Rb3 $1 $11 {and Black is okay.} 49. Qa1 g5) 49. hxg6 $18 hxg6 {[#]} 50. g4 $1 {[%cal Rg4f5][%mdl 512]} b4 $2 (50... Rb3 51. Qa1 Qc2) (50... fxg4 51. Qxg6+) 51. gxf5 Rc2 52. Qd1 gxf5 53. Qh5 Rc1 54. Rxc1 Qxc1+ 55. Kg2 {Threatening mate with Qg6+.} Qc8 56. Qg6+ Kh8 57. Qf6+ (57. Qf7 $142 Qg8+ 58. Ng6+ Qxg6+ 59. Qxg6 Nc3 60. f4 Ne4 61. Qxf5 Kg7 62. Qxd5) 57... Kg8 58. Qg6+ (58. Qg5+ $18 Kf7 59. Qg6+ Ke7 60. Nxd5+ Kd8 61. Qf6+ Kd7 62. Qxf5+ Kd8 63. Qg5+ Kd7 64. Qg7+ Kd6 65. e4) 58... Kh8 {Threatens to win with ...Qg8.} 59. Qf7 {Precision: White = 68%, Black = 52%.} 1-0

[Event "11th Arad Open 2018"]
[Site "Arad"]
[Date "2018.08.07"]
[Round "4"]
[White "Jianu, Vlad-Cristian"]
[Black "Cerovic, Danilo"]
[Result "1-0"]
[WhiteElo "2542"]
[BlackElo "2320"]
[Annotator "ChessBase"]
[PlyCount "79"]
[EventDate "2018.08.05"]
[EventType "swiss"]
[EventCountry "ROU"]
[SourceTitle "playchess.com"]
[Source "ChessBase"]
[SourceQuality "1"]
[TimeControl "40/5400+30:1800+30"]

1. d4 {[%emt 0:00:00]} d5 {[%emt 0:00:00]} 2. c4 {[%emt 0:00:00]} c6 {[%emt 0:00:00]} 3. Nf3 {[%emt 0:00:08]} Nf6 {[%emt 0:00:00]} 4. e3 {[%emt 0:00:45]} Bf5 {[%emt 0:00:25]} 5. Nc3 {[%emt 0:00:11]} e6 {[%emt 0:00:16]} 6. Nh4 {[%emt 0:00:19]} Be4 {[%emt 0:00:45]} 7. f3 {[%emt 0:00:36]} Bg6 {[%emt 0:00:08]} 8. Qb3 {[%emt 0:01:41]} Qc7 {[%emt 0:00:29]} 9. Bd2 {[%emt 0:07:30]} Be7 {[%emt 0:00:40]} 10. Nxg6 {[%emt 0:02:20]} hxg6 {[%emt 0:00:45]} 11. g3 {[%emt 0:05:07]} dxc4 {[%emt 0:06:42]} 12. Bxc4 {[%emt 0:00:34]} Nbd7 {[%emt 0:00:17]} 13. O-O {[%emt 0:08:51]} O-O {[%emt 0:09:32]} 14. Rfd1 {[%emt 0:05:19]} b5 {[%emt 0:06:34]} 15. Be2 {[%emt 0:00:39]} a6 {[%emt 0:00:19]} 16. Rac1 {[%emt 0:03:24]} c5 {[%emt 0:03:42]} 17. Be1 {[%emt 0:04:42]} Qb7 {[%emt 0:10:54]} 18. Bf2 {[%emt 0:03:31]} cxd4 {[%emt 0:09:41]} 19. exd4 {[%emt 0:00:28]} Rac8 {[%emt 0:04:25]} 20. a4 {[%emt 0:11:53]} b4 {[%emt 0:02:48]} 21. a5 {[%emt 0:01:08]} Rc7 {[%emt 0:09:55]} 22. Na2 {[%emt 0:11:17]} Rfc8 {[%emt 0:04:12]} 23. Rxc7 {[%emt 0:03:07]} Rxc7 {[%emt 0:00:36]} 24. Qd3 {[%emt 0:04:01]} Qd5 {[%emt 0:03:05]} 25. Rc1 {[%emt 0:04:03]} Qxa5 {[%emt 0:02:50]} 26. Qxa6 {[%emt 0:00:45]} Rxc1+ {[%emt 0:00:55]} 27. Nxc1 {[%emt 0:00:05]} Qxa6 {[%emt 0:04:30]} 28. Bxa6 {[%emt 0:00:07]} Nd5 {[%emt 0:02:37]} 29. Kf1 {[%emt 0:01:20]} Kf8 {[%emt 0:01:36]} 30. Ke2 {[%emt 0:01:40]} N7b6 {[%emt 0:05:38]} 31. Nd3 {[%emt 0:04:30]} Bd6 {[%emt 0:04:57]} 32. Ne5 {[%emt 0:06:18]} Na4 {[%emt 0:01:22]} 33. Nc4 {[%emt 0:00:37]} Ke7 {[%emt 0:01:28]} 34. Kd3 {[%emt 0:00:36]} Nab6 {[%emt 0:01:13]} 35. Nxb6 {[%emt 0:05:16]} Nxb6 {[%emt 0:00:07]} 36. Kc2 {[%emt 0:00:05]} Nd5 {[%emt 0:01:42]} 37. Kb3 {[%emt 0:01:17]} e5 {[%emt 0:01:31]} 38. Bc4 {[%emt 0:01:01]} Ke6 {[%emt 0:01:12]} 39. Ka4 {[%emt 0:02:54]} exd4 {[%emt 0:01:08]} 40. Bxd4 {[%emt 0:00:00]} 1-0

[Event "11th Arad Open 2018"]
[Site "Arad"]
[Date "2018.08.07"]
[Round "4"]
[White "Deepan Chakkravarthy J"]
[Black "Roubalik, Jakub"]
[Result "1-0"]
[WhiteElo "2530"]
[BlackElo "2402"]
[Annotator "ChessBase"]
[PlyCount "83"]
[EventDate "2018.08.05"]
[EventType "swiss"]
[EventCountry "ROU"]
[SourceTitle "playchess.com"]
[Source "ChessBase"]
[SourceQuality "1"]
[TimeControl "40/5400+30:1800+30"]

1. d4 {[%emt 0:00:00]} Nf6 {[%emt 0:00:00]} 2. c4 {[%emt 0:00:00]} e6 {[%emt 0:00:00]} 3. Nf3 {[%emt 0:00:00]} b6 {[%emt 0:00:40]} 4. a3 {[%emt 0:00:00]} Ba6 {[%emt 0:02:01]} 5. Qb3 {[%emt 0:00:22]} Be7 {[%emt 0:09:45]} 6. Nc3 {[%emt 0:01:04]} d5 {[%emt 0:03:23]} 7. cxd5 {[%emt 0:00:05]} exd5 {[%emt 0:00:06]} 8. Bg5 {[%emt 0:00:07]} Bb7 {[%emt 0:01:52]} 9. Bxf6 {[%emt 0:08:13]} Bxf6 {[%emt 0:00:22]} 10. e3 {[%emt 0:00:05]} O-O {[%emt 0:02:30]} 11. Bd3 {[%emt 0:08:59]} c6 {[%emt 0:21:33]} 12. O-O {[%emt 0:02:54]} Na6 {[%emt 0:01:03]} 13. Rad1 {[%emt 0:09:19]} Nc7 {[%emt 0:02:32]} 14. e4 {[%emt 0:07:04]} g6 {[%emt 0:00:47]} 15. a4 {[%emt 0:06:58]} Ne6 {[%emt 0:02:26]} 16. exd5 {[%emt 0:16:09]} cxd5 {[%emt 0:00:07]} 17. a5 {[%emt 0:04:20]} Nf4 {[%emt 0:01:59]} 18. a6 {[%emt 0:05:00]} Bc6 {[%emt 0:10:44]} 19. Bb5 {[%emt 0:00:05]} Qd7 {[%emt 0:01:20]} 20. Bxc6 {[%emt 0:02:01]} Qxc6 {[%emt 0:00:08]} 21. g3 {[%emt 0:04:07]} Qd7 {[%emt 0:05:51]} 22. Nb5 {[%emt 0:00:09]} Qg4 {[%emt 0:04:53]} 23. Kh1 {[%emt 0:00:49]} Ne6 {[%emt 0:03:32]} 24. Rfe1 {[%emt 0:00:08]} Rfd8 {[%emt 0:00:53]} 25. Ne5 {[%emt 0:05:36]} Bxe5 {[%emt 0:03:28]} 26. Rxe5 {[%emt 0:00:05]} Ng5 {[%emt 0:01:26]} 27. Re3 {[%emt 0:05:43]} Qf5 {[%emt 0:03:43]} 28. Kg2 {[%emt 0:03:46]} h5 {[%emt 0:01:40]} 29. h4 {[%emt 0:01:38]} Qh3+ {[%emt 0:02:58]} 30. Kg1 {[%emt 0:00:05]} Ne4 {[%emt 0:00:22]} 31. Qd3 {[%emt 0:02:16]} Rd7 {[%emt 0:02:30]} 32. Rc1 {[%emt 0:00:26]} Kg7 {[%emt 0:02:53]} 33. Qf1 {[%emt 0:01:05]} Qf5 {[%emt 0:00:09]} 34. Kg2 {[%emt 0:00:13]} Re8 {[%emt 0:02:05]} 35. Qe2 {[%emt 0:00:38]} Re6 {[%emt 0:03:22]} 36. f3 {[%emt 0:01:37]} Nf6 {[%emt 0:04:08]} 37. Rxe6 {[%emt 0:00:05]} fxe6 {[%emt 0:00:35]} 38. Rc7 {[%emt 0:00:20]} Rxc7 {[%emt 0:00:34]} 39. Nxc7 {[%emt 0:00:02]} Kf7 {[%emt 0:00:18]} 40. Nb5 {[%emt 0:00:00]} Qb1 {[%emt 0:00:00]} 41. Nxa7 {[%emt 0:15:14]} Qa2 {[%emt 0:15:45]} 42. Nc6 {[%emt 0:00:15]} 1-0

[Event "11th Arad Open 2018"]
[Site "Arad"]
[Date "2018.08.07"]
[Round "4"]
[White "Georgescu, Tiberiu-Marian"]
[Black "Patrascu, Catalin-Lucian"]
[Result "1-0"]
[WhiteElo "2495"]
[BlackElo "2286"]
[Annotator "ChessBase"]
[PlyCount "91"]
[EventDate "2018.08.05"]
[EventType "swiss"]
[EventCountry "ROU"]
[SourceTitle "playchess.com"]
[Source "ChessBase"]
[SourceQuality "1"]
[TimeControl "40/5400+30:1800+30"]

1. d4 {[%emt 0:00:00]} f5 {[%emt 0:00:09]} 2. Nc3 {[%emt 0:00:00]} d5 {[%emt 0:02:17]} 3. Bf4 {[%emt 0:00:08]} Nf6 {[%emt 0:07:42]} 4. Nf3 {[%emt 0:00:07]} e6 {[%emt 0:03:27]} 5. e3 {[%emt 0:00:04]} Bd6 {[%emt 0:11:20]} 6. Bd3 {[%emt 0:00:05]} Nc6 {[%emt 0:07:53]} 7. O-O {[%emt 0:01:04]} Qe7 {[%emt 0:07:38]} 8. Ne2 {[%emt 0:09:08]} Bd7 {[%emt 0:06:10]} 9. c4 {[%emt 0:01:13]} dxc4 {[%emt 0:03:51]} 10. Bxc4 {[%emt 0:00:33]} O-O-O {[%emt 0:01:49]} 11. Bxd6 {[%emt 0:12:40]} Qxd6 {[%emt 0:02:41]} 12. Rc1 {[%emt 0:06:19]} Rhg8 {[%emt 0:19:18]} 13. Ng5 {[%emt 0:06:01]} Rde8 {[%emt 0:06:12]} 14. Nf4 {[%emt 0:08:13]} h6 {[%emt 0:07:18]} 15. Nf7 {[%emt 0:06:31]} Qe7 {[%emt 0:01:20]} 16. Ne5 {[%emt 0:01:25]} Nxe5 {[%emt 0:00:53]} 17. dxe5 {[%emt 0:00:04]} Ne4 {[%emt 0:02:19]} 18. f3 {[%emt 0:04:25]} Nc5 {[%emt 0:03:04]} 19. b4 {[%emt 0:02:28]} Na4 {[%emt 0:01:20]} 20. Bxe6 {[%emt 0:00:46]} Bxe6 {[%emt 0:00:42]} 21. Qxa4 {[%emt 0:00:15]} Kb8 {[%emt 0:00:42]} 22. Rfd1 {[%emt 0:07:38]} g5 {[%emt 0:01:55]} 23. Nh5 {[%emt 0:04:40]} Rd8 {[%emt 0:00:41]} 24. Nf6 {[%emt 0:00:11]} Rxd1+ {[%emt 0:00:30]} 25. Rxd1 {[%emt 0:00:05]} Rc8 {[%emt 0:00:44]} 26. f4 {[%emt 0:12:00]} a6 {[%emt 0:00:33]} 27. a3 {[%emt 0:01:12]} Bc4 {[%emt 0:00:18]} 28. Qc2 {[%emt 0:07:46]} Be6 {[%emt 0:00:06]} 29. Qa4 {[%emt 0:02:50]} Rh8 {[%emt 0:00:54]} 30. h3 {[%emt 0:02:06]} Bc8 {[%emt 0:00:28]} 31. Nd7+ {[%emt 0:00:54]} Ka8 {[%emt 0:00:39]} 32. Nf6 {[%emt 0:01:38]} Kb8 {[%emt 0:00:13]} 33. Rd4 {[%emt 0:00:19]} Qe6 {[%emt 0:00:34]} 34. Qc2 {[%emt 0:00:41]} b6 {[%emt 0:00:43]} 35. Qc4 {[%emt 0:01:44]} Qe7 {[%emt 0:00:36]} 36. Qd3 {[%emt 0:00:35]} gxf4 {[%emt 0:00:30]} 37. exf4 {[%emt 0:00:05]} Qe6 {[%emt 0:00:28]} 38. Qc4 {[%emt 0:00:16]} Qxc4 {[%emt 0:00:31]} 39. Rxc4 {[%emt 0:00:03]} Rd8 {[%emt 0:00:04]} 40. Rc3 {[%emt 0:00:00]} Rd4 {[%emt 0:00:00]} 41. Nh5 {[%emt 0:21:54]} a5 {[%emt 0:26:26]} 42. bxa5 {[%emt 0:00:06]} bxa5 {[%emt 0:00:03]} 43. Re3 {[%emt 0:00:45]} Rd7 {[%emt 0:00:31]} 44. Kf2 {[%emt 0:01:11]} c5 {[%emt 0:00:47]} 45. g4 {[%emt 0:01:46]} Rc7 {[%emt 0:01:33]} 46. e6 {[%emt 0:00:18]} 1-0

[Event "11th Arad Open 2018"]
[Site "Arad"]
[Date "2018.08.07"]
[Round "4"]
[White "Stany, G A"]
[Black "Macovei, Andrei"]
[Result "1/2-1/2"]
[WhiteElo "2494"]
[BlackElo "2394"]
[Annotator "ChessBase"]
[PlyCount "72"]
[EventDate "2018.08.05"]
[EventType "swiss"]
[EventCountry "ROU"]
[SourceTitle "playchess.com"]
[Source "ChessBase"]
[SourceQuality "1"]
[TimeControl "40/5400+30:1800+30"]

1. e4 {[%emt 0:00:00]} c6 {[%emt 0:00:21]} 2. d4 {[%emt 0:00:00]} d5 {[%emt 0:00:07]} 3. exd5 {[%emt 0:00:00]} cxd5 {[%emt 0:00:03]} 4. c4 {[%emt 0:00:00]} Nf6 {[%emt 0:02:02]} 5. Nc3 {[%emt 0:00:00]} g6 {[%emt 0:02:04]} 6. Qb3 {[%emt 0:00:06]} Bg7 {[%emt 0:00:28]} 7. cxd5 {[%emt 0:00:06]} O-O {[%emt 0:00:04]} 8. Be2 {[%emt 0:00:14]} Nbd7 {[%emt 0:00:57]} 9. Bf3 {[%emt 0:00:07]} Nb6 {[%emt 0:00:54]} 10. Nge2 {[%emt 0:00:19]} Bg4 {[%emt 0:01:06]} 11. Bxg4 {[%emt 0:00:06]} Nxg4 {[%emt 0:00:02]} 12. a4 {[%emt 0:00:13]} Nf6 {[%emt 0:05:14]} 13. Nf4 {[%emt 0:00:15]} a5 {[%emt 0:01:18]} 14. O-O {[%emt 0:00:09]} g5 {[%emt 0:03:07]} 15. Nd3 {[%emt 0:11:16]} h6 {[%emt 0:00:08]} 16. Nc5 {[%emt 0:00:07]} Nbxd5 {[%emt 0:25:01]} 17. Nxb7 {[%emt 0:07:24]} Rb8 {[%emt 0:06:14]} 18. Nxd5 {[%emt 0:24:32]} Nxd5 {[%emt 0:00:52]} 19. Qb5 {[%emt 0:04:56]} Qc7 {[%emt 0:10:04]} 20. Qxd5 {[%emt 0:00:07]} Rxb7 {[%emt 0:00:44]} 21. Bd2 {[%emt 0:00:13]} Rxb2 {[%emt 0:01:20]} 22. Bxa5 {[%emt 0:00:17]} Qa7 {[%emt 0:19:53]} 23. Bc3 {[%emt 0:02:13]} Rc2 {[%emt 0:00:05]} 24. Qb3 {[%emt 0:01:15]} Rxc3 {[%emt 0:00:12]} 25. Qxc3 {[%emt 0:00:04]} Bxd4 {[%emt 0:00:02]} 26. Qc6 {[%emt 0:04:28]} Bxa1 {[%emt 0:00:39]} 27. Rxa1 {[%emt 0:00:04]} Qd4 {[%emt 0:00:50]} 28. Rb1 {[%emt 0:00:28]} Rd8 {[%emt 0:01:47]} 29. h3 {[%emt 0:00:21]} Rd6 {[%emt 0:05:36]} 30. Qe8+ {[%emt 0:07:16]} Kg7 {[%emt 0:00:07]} 31. Rb8 {[%emt 0:08:42]} Qa1+ {[%emt 0:01:24]} 32. Kh2 {[%emt 0:00:03]} Qe5+ {[%emt 0:00:01]} 33. g3 {[%emt 0:00:05]} Kg6 {[%emt 0:00:49]} 34. Qg8+ {[%emt 0:13:44]} Qg7 {[%emt 0:00:07]} 35. Qc8 {[%emt 0:02:26]} Qd4 {[%emt 0:02:59]} 36. Qg8+ {[%emt 0:01:07]} Qg7 1/2-1/2

[Event "11th Arad Open 2018"]
[Site "Arad"]
[Date "2018.08.07"]
[Round "4"]
[White "Swayams, Mishra"]
[Black "Gilea, Lucian"]
[Result "1-0"]
[WhiteElo "2467"]
[BlackElo "2279"]
[Annotator "ChessBase"]
[PlyCount "75"]
[EventDate "2018.08.05"]
[EventType "swiss"]
[EventCountry "ROU"]
[SourceTitle "playchess.com"]
[Source "ChessBase"]
[SourceQuality "1"]
[TimeControl "40/5400+30:1800+30"]

1. d4 {[%emt 0:08:08]} Nf6 {[%emt 0:00:00]} 2. c4 {[%emt 0:01:46]} d6 {[%emt 0:00:13]} 3. Nf3 {[%emt 0:00:25]} Nbd7 {[%emt 0:00:30]} 4. Nc3 {[%emt 0:00:27]} e5 {[%emt 0:00:12]} 5. e4 {[%emt 0:00:05]} Be7 {[%emt 0:00:35]} 6. Be2 {[%emt 0:00:22]} O-O {[%emt 0:00:42]} 7. O-O {[%emt 0:00:13]} Re8 {[%emt 0:04:30]} 8. Qc2 {[%emt 0:00:45]} c6 {[%emt 0:02:10]} 9. Rd1 {[%emt 0:00:24]} Qc7 {[%emt 0:00:42]} 10. h3 {[%emt 0:01:05]} a6 {[%emt 0:05:25]} 11. Be3 {[%emt 0:04:51]} b5 {[%emt 0:02:57]} 12. a3 {[%emt 0:00:12]} Bf8 {[%emt 0:03:47]} 13. Rac1 {[%emt 0:01:18]} exd4 {[%emt 0:02:29]} 14. Nxd4 {[%emt 0:02:33]} c5 {[%emt 0:01:03]} 15. Nf5 {[%emt 0:02:53]} b4 {[%emt 0:00:41]} 16. Nd5 {[%emt 0:04:41]} Nxd5 {[%emt 0:00:17]} 17. cxd5 {[%emt 0:06:27]} bxa3 {[%emt 0:07:23]} 18. bxa3 {[%emt 0:01:09]} Nf6 {[%emt 0:00:21]} 19. Ng3 {[%emt 0:00:38]} Rb8 {[%emt 0:14:12]} 20. Bd2 {[%emt 0:05:35]} Qe7 {[%emt 0:14:46]} 21. Bd3 {[%emt 0:01:12]} g6 {[%emt 0:00:20]} 22. Rb1 {[%emt 0:01:34]} Rxb1 {[%emt 0:01:49]} 23. Rxb1 {[%emt 0:01:59]} Nd7 {[%emt 0:00:07]} 24. Qa4 {[%emt 0:07:10]} Ne5 {[%emt 0:01:29]} 25. Bxa6 {[%emt 0:01:56]} Bxh3 {[%emt 0:00:09]} 26. Rb7 {[%emt 0:03:24]} Bd7 {[%emt 0:17:01]} 27. Bb5 {[%emt 0:00:37]} Bxb5 {[%emt 0:01:32]} 28. Qxb5 {[%emt 0:00:08]} Qd8 {[%emt 0:00:14]} 29. Bg5 {[%emt 0:01:25]} Qc8 {[%emt 0:04:49]} 30. a4 {[%emt 0:03:17]} c4 {[%emt 0:00:44]} 31. a5 {[%emt 0:00:28]} Nd3 {[%emt 0:02:12]} 32. Be3 {[%emt 0:05:57]} h5 {[%emt 0:05:17]} 33. a6 {[%emt 0:02:22]} h4 {[%emt 0:00:01]} 34. Ne2 {[%emt 0:03:07]} Rxe4 {[%emt 0:02:19]} 35. Qd7 {[%emt 0:02:37]} Qxd7 {[%emt 0:00:30]} 36. Rxd7 {[%emt 0:00:30]} Re8 {[%emt 0:00:30]} 37. a7 {[%emt 0:00:30]} Ra8 {[%emt 0:00:30]} 38. Bb6 {[%emt 0:00:30]} 1-0

[Event "11th Arad Open 2018"]
[Site "Arad"]
[Date "2018.08.07"]
[Round "4"]
[White "Miron, Lucian-Costin"]
[Black "Mastrovasilis, Dimitrios"]
[Result "1/2-1/2"]
[WhiteElo "2460"]
[BlackElo "2586"]
[Annotator "TA"]
[PlyCount "35"]
[EventDate "2018.08.05"]
[EventType "swiss"]
[EventCountry "ROU"]
[SourceTitle "playchess.com"]
[Source "ChessBase"]
[SourceQuality "1"]

{[%evp 13,35,0,17,0,9,-18,-20,-14,-3,-3,-3,0,-16,-20,-13,-22,-16,-35,-47,-32,0,-12,2,0]} 1. d4 d5 2. c4 e6 3. Nc3 Nf6 4. cxd5 Nxd5 5. e4 Nxc3 6. bxc3 c5 7. a3 g6 {LiveBook: 14 Games. D35: Queen's Gambit Declined: Exchange Variation} 8. Bc4 $146 ({Predecessor:} 8. Nf3 Bg7 9. Be2 O-O 10. h4 Nc6 11. Be3 Qa5 12. Bd2 Qd8 13. Be3 Qa5 14. O-O Qxc3 15. Rc1 Qxa3 16. Rxc5 {1-0 (46) Le,Q (2728)-Shimanov,A (2626) Philadelphia 2018}) 8... Bg7 {[%cal Rc5d4]} 9. Ne2 Nc6 {[%cal Rc5d4]} 10. Be3 cxd4 11. cxd4 O-O 12. O-O b6 13. Qd3 Bb7 14. Rac1 Rc8 15. Rfd1 Qe7 16. Ba6 Na5 17. Bxb7 Nxb7 18. f3 {Precision: White = 33%, Black = 74%.} 1/2-1/2